[Event "National-chT China 2017"]
[Site "Beijing"]
[Date "2017.06.06"]
[Round "1"]
[White "Zhou, Guijue"]
[Black "Li, Xinyu"]
[Result "1/2-1/2"]
[WhiteElo "2250"]
[BlackElo "1941"]
[Annotator "TA"]
[PlyCount "132"]
[EventDate "2017.??.??"]
[EventCountry "CHN"]
[SourceTitle "playchess.com"]
[Source "ChessBase"]
[SourceQuality "1"]

{[%evp 9,132,20,31,22,21,26,30,2,31,10,77,25,7,10,19,19,16,9,50,-1,12,-10,-26,-89,-70,-109,-41,-66,-72,-71,-66,-66,-77,-68,-30,-23,-33,-20,-6,-39,-31,-50,0,0,0,0,0,0,0,0,0,0,0,0,0,-88,-88,-95,-41,-91,-20,-33,-27,-27,-25,-55,0,0,35,25,145,162,165,95,93,22,58,58,44,36,55,52,71,60,112,105,284,276,430,435,437,409,463,400,609,587,620,594,712,707,691,643,656,617,619,540,1588,1433,1112,995,2507,12283,5489,2742,1754,0,1539,1394,1516,0,0,0,0,-12845,-12845]} 1. e4 c5 2. Nf3 d6 3. Bb5+ Nd7 4. O-O a6 5. Bd3 b5 (5... Ngf6 6. Re1 e6 7. c3 b5 8. Bc2 c4 9. a4 Bb7 10. d4 cxd3 11. Bxd3 bxa4 12. Qxa4 Be7 13. h3 O-O 14. Be3 Qc7 15. Nbd2 Rfb8 16. Qa5 Bd8 17. Qxc7 Bxc7 18. b4 {½-½ (18) Nakamura,H (2785)-Vachier Lagrave,M (2796) Sharjah 2017}) 6. c3 {B51: Sicilian: Moscow Variation (3 Bb5+) without 3...Bd7} Ngf6 7. Bc2 Bb7 8. Qe2 {White has an edge.} e5 9. a4 Qb6 $146 (9... Be7 $11) ({Predecessor:} 9... Be7 10. d3 O-O 11. Bg5 h6 12. Bh4 Nh5 13. Bxe7 Qxe7 14. Nbd2 Nf4 15. Qd1 {½-½ (26) Bachmann,A (2641)-Bogner,S (2559) Baku 2016}) 10. d3 (10. axb5 $16 axb5 11. Rxa8+ Bxa8 12. Na3) 10... Be7 $11 11. Nh4 O-O 12. Nf5 Rfe8 13. a5 Qc6 14. Nd2 (14. c4 $14) 14... d5 15. Re1 (15. Nxe7+ {seems wilder.} Rxe7 16. Re1 c4 17. dxc4 dxc4 18. f3) 15... Bf8 16. c4 (16. Qe3 $11) 16... bxc4 $17 17. dxc4 dxe4 ({Black should try} 17... d4 $17) 18. Nxe4 Nxe4 19. Bxe4 Qxe4 20. Qxe4 Bxe4 21. Rxe4 Rab8 22. Re2 Rb4 23. Rc2 Reb8 24. Ra2 g6 25. Ne3 Nf6 26. Bd2 R4b7 27. Bc3 Re8 28. f3 Bg7 29. Ra1 e4 30. Kf2 exf3 31. gxf3 Nd7 32. Bxg7 (32. Rd1 $11) 32... Kxg7 33. Rd1 Re6 (33... Ne5 $17 34. Re2 Rbe7) 34. Nd5 Rd6 (34... Ne5 $1 $17 35. Nb6 Rf6) 35. Re1 $11 Nb8 36. Nc3 Rd4 37. Re4 Rxe4 ({Better is} 37... Nc6 $15 38. Na4 Rxe4 39. fxe4 Rc7) 38. Nxe4 $15 {[%mdl 4096] Endgame KRN-KRN} Nd7 39. Rd2 Ne5 (39... f5 $11 40. Nd6 Ra7) 40. Nxc5 $16 Ra7 41. Rc2 (41. b4 $18) 41... Nc6 42. Nd3 (42. b3 $16) 42... Nxa5 43. b4 Nc6 44. Ra2 Rb7 45. Ra4 g5 $1 46. Ke3 ({Much worse is} 46. Rxa6 Nxb4 47. Nc5 Nxa6 $11) 46... Re7+ (46... h5 $14) 47. Kd2 $1 Nd4 $2 (47... Nb8 $16) 48. Rxa6 $18 Nxf3+ (48... Rb7 {is a better defense.} 49. b5 Nxf3+ 50. Kc3 Rb8) 49. Kc3 g4 50. Ra2 h5 51. b5 Rb7 (51... Ng1 $142 52. b6 Kf8 53. Ra8+ Kg7) 52. Rb2 Kf6 53. c5 {[%cal Bc4c5,Bc5c6][%mdl 32]} Ke7 54. Re2+ Kd8 55. b6 $1 h4 56. Kc4 f6 57. Rf2 Rg7 {intending ...g3.} 58. c6 g3 59. hxg3 hxg3 60. Ra2 Rg4+ 61. Kd5 (61. Kc5 g2 $11) 61... g2 62. b7 $2 (62. c7+ $18 Ke7 63. Rxg2 $1 {[%mdl 512]} Rxg2 64. c8=Q Rg5+ 65. Kc4 Nd2+ 66. Kb4) 62... Kc7 $2 {[%mdl 8192]} (62... Rd4+ $11 63. Ke6 Ng5+ 64. Kxf6 Rd6+ 65. Kf5 Kc7) 63. Ra8 {[%csl Ga8][%cal Rb7b8]} Rg5+ {[#]} 64. Ke4 $2 ({White has to play} 64. Kc4 $1 $18 Rb5 65. Rc8+ Kd6 66. Kxb5 Nd4+ 67. Kb6) 64... Rb5 $11 65. Rc8+ Kd6 66. Rg8 $2 {[%mdl 8192]} (66. Rd8+ $11 Kxc6 67. Kxf3) 66... Ng5+ {[%mdl 32768] Precision: White = 54%, Black = 43%. . An unexpected result.} 1/2-1/2

[Event "National-chT China 2017"]
[Site "Beijing"]
[Date "2017.06.06"]
[Round "1"]
[White "Qiu, Mengjie"]
[Black "Zhao, Xue"]
[Result "1/2-1/2"]
[WhiteElo "2215"]
[BlackElo "2490"]
[Annotator "TA"]
[PlyCount "108"]
[EventDate "2017.??.??"]
[EventCountry "CHN"]
[SourceTitle "playchess.com"]
[Source "ChessBase"]
[SourceQuality "1"]

{[%evp 11,108,39,42,-18,-18,-14,-18,-30,-15,-16,0,0,0,0,-8,-11,-17,-10,0,0,0,0,0,0,0,-14,-19,-16,24,-20,-30,-22,0,14,19,14,29,0,62,72,86,-29,-33,-17,82,94,121,86,94,88,253,254,412,250,257,241,580,572,481,40,52,0,0,0,0,0,0,0,0,0,0,0,0,0,0,0,45,49,53,14,26,0,8,0,0,0,0,0,0,0,0,0,0,0,0,0,0,0,0]} 1. e4 c6 2. d4 d5 3. e5 Bf5 4. h4 h6 5. g4 Bd7 6. Be3 {B12: Caro-Kann: Advance Variation} e6 {LiveBook: 11 Games} (6... Qb6 7. Nd2 e6 8. Nb3 Na6 9. h5 c5 10. dxc5 Nxc5 11. Nf3 Qc7 12. c3 b6 13. Nbd4 a6 {½-½ (56) Nepomniachtchi,I (2767)-Dreev,A (2652) Doha 2016}) 7. h5 (7. Nc3 $14) 7... Qb6 $11 8. Nd2 c5 9. Ngf3 Nc6 {[%cal Rc6d4]} 10. dxc5 Bxc5 11. Bxc5 Qxc5 12. c3 Qb6 $146 ({Predecessor:} 12... Nge7 13. Bd3 Qb6 14. Nb3 {½-½ (39) Haug,J (2318)-Klings,P (2133) Helsingor 2016}) 13. Nb3 $1 f6 14. Qe2 O-O-O 15. O-O-O fxe5 16. Nxe5 Nxe5 17. Qxe5 Qxf2 18. Qxg7 Nf6 19. Bd3 e5 {[#]} 20. Bf5 $1 {[%mdl 512]} Bxf5 21. gxf5 Qf4+ 22. Nd2 Rdf8 23. Rhf1 Qa4 24. Nb3 {[%cal Bd2b3,Bb3c5,Bc5e6][%mdl 32]} Qe8 (24... Qd7 $11 25. Qxd7+ Kxd7) 25. Nc5 $14 Rh7 26. Qg6 ({Better is} 26. Qg2 $16) 26... Qe7 $1 $11 {[%cal Re7c5]} 27. Qg1 $1 Rg8 {[#]} (27... Rg7 $11 28. Qf2 Ng4) 28. Qf2 $1 $16 Qd6 29. Ne6 Qb6 30. Qe2 Qd6 $2 (30... Rf7 $16 {was called for.}) 31. Rg1 $18 e4 $2 (31... Rxg1 {was necessary.} 32. Rxg1 Rh8) 32. Rxg8+ Nxg8 33. c4 Ne7 $2 (33... Nf6 {is a better chance.} 34. Qg2 (34. cxd5 Kb8 $18) 34... Qe5) 34. cxd5 Rf7 35. Qxe4 $2 (35. Qb5 $18 {Threatening mate with Qe8+.} Qd7 36. Qc4+ Kb8 37. d6) 35... Rxf5 $14 36. Qg4 (36. Qa4 $1 $14 Kb8 37. Qe8+ Nc8 38. Kb1 Rxd5 39. Rc1) 36... Rxd5 $11 37. Nc5+ (37. Rf1 $5 {[%cal Rf1f8]} b6 38. Nc5+ Kb8 39. Na6+ (39. Rf8+ Kc7 $14) 39... Kb7 40. Nb4 Rc5+ 41. Kb1 $14) 37... Kc7 38. Rxd5 Nxd5 39. Ne6+ Kb6 40. Qd4+ Kc6 41. Qa4+ Kb6 42. Qd4+ Kb5 43. a4+ Ka5 (43... Kc6 $5 {[%cal Rd6e6]} 44. Qc4+ Kd7 45. Nc5+ Kc7 $11) 44. Qxa7+ Kb4 45. Qd4+ Ka5 46. Nc5 ({Don't take} 46. Qa7+ $6 Kb4 $16) (46. Qc4 $5 {[%cal Rc4b5]} Qc6 47. Qxc6 (47. Nc5 Nb4 $11) 47... bxc6 48. b3 $16) 46... Qc6 $132 {[%mdl 2048] Hoping for ...b6.The position is equal. Black is fighting back} 47. Kb1 Nb4 {( -> ...Qh1+)} 48. Nb3+ Kxa4 49. Qd1 Qe4+ 50. Ka1 {Nc5+ is the strong threat.} Nc2+ 51. Ka2 {Black must now prevent Nc5+.} Nb4+ 52. Ka1 {Threatens to win with Nc5+.} Nc2+ 53. Ka2 {aiming for Nc5+.} Nb4+ 54. Ka1 {And now Nc5+ would win.} Qc2 {Precision: White = 50%, Black = 50%.} 1/2-1/2

[Event "National-chT China 2017"]
[Site "Beijing"]
[Date "2017.06.06"]
[Round "1"]
[White "Qu, Yanqiao"]
[Black "Huang, Renjie"]
[Result "0-1"]
[WhiteElo "2154"]
[BlackElo "2156"]
[Annotator "TA"]
[PlyCount "72"]
[EventDate "2017.??.??"]
[EventCountry "CHN"]
[SourceTitle "playchess.com"]
[Source "ChessBase"]
[SourceQuality "1"]

{[%evp 14,72,2,-33,26,-7,19,-29,46,43,42,45,60,20,47,36,44,21,42,42,79,72,94,-2,83,75,101,100,112,88,172,57,77,88,85,69,58,59,120,0,164,6,14,-39,-37,-127,-133,-130,-100,-239,-175,-165,-173,-472,-472,-488,-480,-509,-507,-542,-555]} 1. e4 c5 2. Nf3 d6 3. d4 Nf6 4. Nc3 cxd4 5. Nxd4 g6 6. f4 Nc6 7. Nxc6 bxc6 8. e5 {LiveBook: 104 Games} Ng4 {B71: Sicilian Dragon: 6 f4} (8... Nd7 $1 $15) (8... Nd7 9. exd6 exd6 10. Be3 Be7 11. Be2 O-O 12. O-O d5 13. Kh1 Re8 14. Bf3 Bf6 15. Bd4 Ba6 16. Rg1 Rb8 17. Na4 Rb4 18. c3 Bxd4 19. cxb4 Bxg1 20. Qxg1 {½-½ (69) Sulskis,S (2519)-Gonzalez Acosta,B (2481) Baku 2016}) 9. Be2 (9. h3 {looks sharper.} Nh6 10. g4 Bg7 11. Qf3 O-O 12. Bd2) 9... Nh6 {[%cal Bg4h6,Bh6f5,Bf5d6,Bd6c4][%mdl 32]} 10. exd6 (10. Bf3 $5 {[%cal Rf3c6]} d5 11. Be3 $11) 10... Qxd6 (10... Bg7 $1 $11) 11. Bf3 $14 {Hoping for Qxd6.} Qxd1+ 12. Nxd1 Bd7 13. Be3 $146 ({Predecessor:} 13. Nf2 Bg7 14. c3 Nf5 15. g3 O-O 16. Bd2 {1-0 (51) Farran Martos,J (2140)-Galimany Rovira,X (1965) Tarragona 2003}) 13... Nf5 14. Bf2 $36 {[%mdl 2048] Black is under pressure.} Bg7 15. c3 O-O 16. Ne3 Rab8 17. O-O-O Nd6 18. Kc2 (18. Rhe1 $16) 18... Be6 (18... Rfc8 $11 {remains equal.}) 19. Bxc6 $16 Bxa2 20. Bd5 Bxd5 21. Nxd5 Nc4 (21... Nc8 $16) 22. b3 (22. Nxe7+ $18 Kh8 23. b4) 22... Na3+ $14 23. Kb2 Nb5 24. Nxe7+ Kh8 25. Nd5 Rfd8 (25... Rfe8 $14 26. Rhe1 Re6) 26. Kc2 ({White has to play} 26. Bh4 $1 $16 {[%cal Rh4d8]} Rd6 27. f5) 26... Rbc8 $2 (26... Na3+ $11 {and Black stays safe.} 27. Kb2 Nc4+ 28. Ka2 Rd6) 27. c4 $2 ({Only move:} 27. Rd3 $1 $18) 27... Na3+ $11 28. Kd3 ({White should play} 28. Kc1 $11 Nxc4 29. Ne7 Ne3+ 30. Nxc8 Nxd1 31. Rxd1 Rxc8+ 32. Kb1) 28... Rb8 $1 $15 {[%cal Rb8b3]} 29. Bxa7 ({White should try} 29. Ke2 $15 Re8+ 30. Kf1) 29... Rxb3+ $17 30. Ke2 Nxc4 {aiming for ...Rb2+.} 31. Rhe1 {[#]} (31. Be3 $17 {might work better.}) 31... Rb2+ $1 $19 32. Kf1 {[#]} Nd2+ $1 33. Kg1 $2 (33. Kf2) 33... Rxd5 {Black is clearly winning.} 34. Re8+ {[#]} Bf8 $1 {[%mdl 512] ( -> ...Nf3+!)} 35. Rc1 (35. Rxf8+ Kg7) 35... Kg7 36. f5 gxf5 {Precision: White = 13%, Black = 47%.} 0-1

[Event "National-chT China 2017"]
[Site "Beijing"]
[Date "2017.06.06"]
[Round "1"]
[White "Li, Xueyi"]
[Black "Zhang, Xiaowen"]
[Result "1-0"]
[WhiteElo "2146"]
[BlackElo "2355"]
[Annotator "TA"]
[PlyCount "95"]
[EventDate "2017.??.??"]
[EventCountry "CHN"]
[SourceTitle "playchess.com"]
[Source "ChessBase"]
[SourceQuality "1"]

{[%evp 19,95,6,14,9,20,9,33,27,39,29,62,48,67,55,62,63,83,79,89,94,92,90,119,117,120,114,111,118,193,158,159,92,93,92,85,79,78,70,85,79,67,30,79,85,92,98,229,236,247,246,247,229,231,197,219,228,284,292,276,262,616,616,614,608,597,574,675,609,610,582,692,677,986,895,910,780,1033,997]} 1. d4 d6 2. Nf3 Nf6 3. c4 g6 4. g3 Bg7 5. Bg2 O-O 6. O-O Nc6 7. Nc3 e5 8. d5 Nb8 9. c5 {E62: King's Indian: Fianchetto: 6...c6 and Panno Variation (6...Nc6) without ...a6} (9. e4 a5 10. Ne1 Na6 11. Nd3 Nb4 12. Ne1 Na6 13. f4 exf4 14. gxf4 Re8 15. Nd3 Ng4 16. h3 Bd4+ 17. Kh1 {½-½ (25) Inarkiev,E (2727)-Sutovsky,E (2650) Poikovsky 2017}) 9... Na6 10. cxd6 cxd6 {LiveBook: 9 Games} 11. Ne1 {The position is equal.} Bd7 $146 ({Predecessor:} 11... Bf5 12. e4 Bd7 13. Nd3 Ne8 14. Be3 f5 15. f4 Nf6 16. exf5 gxf5 17. Nf2 Kh8 18. Qd2 b6 19. Rae1 Ng8 20. fxe5 dxe5 {1-0 (59) Stohl,I (2560)-Wang,Y (2410) Beijing 1996}) 12. a4 {[%cal Ba2a4,Ba4a5,Ba5a6][%mdl 32]} Qe7 13. e4 Rfc8 14. Nd3 Be8 15. Bg5 h6 16. Be3 b6 17. a5 b5 18. Na2 Qb7 19. Nab4 Nxb4 20. Nxb4 Rc4 21. a6 Qe7 22. Qe1 Ng4 23. Bd2 f5 (23... h5 $16) 24. b3 Rc7 {[#]} 25. f3 (25. Nc6 $142 $1 {[%mdl 512]} Qf7 (25... Bxc6 26. dxc6) 26. Rd1) 25... Nf6 $16 26. Qe2 Rac8 27. Rfc1 Rxc1+ 28. Rxc1 Rxc1+ 29. Bxc1 {Threatens to win with Nc6.} Qc7 30. Qc2 Qc5+ 31. Qxc5 dxc5 32. Nc6 Bxc6 (32... fxe4 $16 33. Nxa7 (33. fxe4 Bxc6 34. dxc6 Ne8 $16) 33... Nxd5) 33. dxc6 {[%mdl 4096] Endgame And now c7 would win. KBB-KBN} Ne8 34. exf5 gxf5 35. Bh3 Nc7 36. Bxf5 Nxa6 37. Be6+ Kf8 {[#]} 38. Be3 $1 Ke7 39. Bc8 Kd6 $2 (39... Nc7 40. Bxc5+ Kd8) 40. Bxa6 $18 {White is clearly winning.} Kxc6 41. Kf1 Kb6 42. Bc8 a5 43. Be6 Kc6 44. Ke2 c4 45. bxc4 b4 46. Bd5+ Kc7 47. Be4 Bf8 48. Bc2 {Precision: White = 83%, Black = 32%.} 1-0

[Event "National-chT China 2017"]
[Site "Beijing"]
[Date "2017.06.06"]
[Round "1"]
[White "Huang, Mofei"]
[Black "Wang, Yu A"]
[Result "0-1"]
[WhiteElo "1885"]
[BlackElo "2354"]
[Annotator "TA"]
[PlyCount "86"]
[EventDate "2017.??.??"]
[EventCountry "CHN"]
[SourceTitle "playchess.com"]
[Source "ChessBase"]
[SourceQuality "1"]

{[%evp 16,86,34,33,60,19,46,52,63,66,102,67,67,79,86,74,81,75,84,89,193,189,258,66,68,0,0,0,0,0,27,-68,-66,-67,-45,-47,-47,-97,-97,-137,-137,-137,-137,-116,-70,-106,-88,-140,-137,-112,-21,-61,-60,-128,-117,-150,-89,-89,-89,-94,-89,-156,-80,-454,-277,-449,-345,-411,-396,-408,-385,-466,-458]} 1. d4 d5 2. c4 c6 3. cxd5 cxd5 4. Nc3 Nf6 5. Nf3 Nc6 6. Bf4 Ne4 7. e3 Nxc3 8. bxc3 e6 9. Bd3 {LiveBook: 27 Games} Be7 {D13: Slav Defence: Exchange variation without ...Bf5} (9... Bd6 10. Bxd6 Qxd6 11. O-O O-O 12. Rc1 e5 13. dxe5 Nxe5 14. Be2 Rd8 15. Nxe5 Qxe5 16. Qb3 b6 17. c4 {½-½ (31) Wang,Y (2718)-Mamedyarov,S (2743) Tromsoe 2014}) 10. Qc2 $146 ({Predecessor:} 10. Rc1 Bd7 11. O-O O-O 12. e4 g6 13. Re1 Bf6 14. e5 Be7 15. Bh6 Re8 16. Qd2 Na5 17. Qf4 {1-0 (30) Ortega,L (2478)-Rombaldoni,D (2533) Perugia 2011}) 10... g5 11. Bg3 h5 {Threatening ...h4.White is slightly better.} 12. h3 a6 13. a4 Bd7 14. Rb1 Rc8 15. Rxb7 Nb4 16. Qd2 ({But not} 16. cxb4 $6 Rxc2 17. Bxc2 Bc8 $11) 16... Nxd3+ 17. Qxd3 Qa5 (17... Bxa4 $16 {is a better defense.} 18. Qxa6 Ra8) 18. O-O $1 $18 Bxa4 (18... Bc6 {keeps fighting.} 19. Be5 Rh6) 19. Be5 $2 (19. Ne5 $18) 19... Rh6 $1 $14 20. Rc1 (20. Qb1 $14) 20... f6 $36 {[%mdl 2048] Black has good play.} 21. Bh2 Bb5 22. Qd2 Qa4 23. Rc7 ({White should play} 23. e4 $11 dxe4 24. Nxg5 $1 {[%mdl 512]} fxg5 25. Rxe7+ $1 {[%mdl 512]} Kxe7 26. Qxg5+ Rf6 27. Be5) 23... Rxc7 $15 24. Bxc7 Kd7 25. Bb6 Qc4 26. Ra1 Rh8 27. Ba5 g4 {[%cal Bg5g4,Bg4h3][%mdl 32]} 28. Nh4 gxh3 29. g3 Rg8 30. Kh2 Qd3 $1 {[%cal Rd3d2]} 31. Rd1 {[#]} (31. Qd1 $142) 31... Qxd2 $1 $17 32. Rxd2 f5 (32... Rb8 $17 {...Bc4 is the strong threat.} 33. Kxh3 Bc4) 33. Kxh3 Bf1+ 34. Ng2 {[#]} (34. Kh2 $15) 34... h4 $1 {[%mdl 512]} 35. Kh2 (35. gxh4 Bxg2+) 35... Bxg2 (35... hxg3+ $142 36. fxg3 Rb8) 36. Kxg2 hxg3 {[%mdl 4096] Endgame KRB-KRB} 37. f4 Rb8 38. Kxg3 {[#]} (38. Ra2 $142) 38... Rb3 (38... Rb1 $142 $1 {And now ...Ra1 would win.} 39. Kf3 Ra1) 39. Ra2 $2 {[%mdl 8192]} (39. Kf3 $17 {is tougher.}) 39... Kc6 40. Kf3 $2 (40. Rh2 {was called for.} Ra3 41. Rh7) 40... Kb5 41. Ke2 Ba3 42. Bd8 Rxc3 43. Kf3 a5 {Precision: White = 28%, Black = 48%.} 0-1

[Event "National-chT China 2017"]
[Site "Beijing"]
[Date "2017.06.08"]
[Round "3"]
[White "Wei, Yi"]
[Black "Yu, Yangyi"]
[Result "1/2-1/2"]
[WhiteElo "2728"]
[BlackElo "2749"]
[Annotator "TA"]
[PlyCount "137"]
[EventDate "2017.??.??"]
[EventCountry "CHN"]
[SourceTitle "playchess.com"]
[Source "ChessBase"]
[SourceQuality "1"]

{[%evp 18,137,15,14,10,22,11,16,20,20,13,-16,33,2,7,9,43,33,33,8,12,11,13,4,6,17,18,10,12,9,3,0,0,0,0,0,0,-12,-10,-14,-17,-17,-10,-14,0,-572,-539,-638,-708,-755,-750,-697,-693,-611,-421,-409,0,-586,-402,-402,-394,-370,-341,-331,-266,-266,-266,-266,-266,-266,-266,-265,-261,-261,-254,-283,-258,-256,-239,-229,-219,-255,-241,-247,-193,-274,-260,-412,-409,-388,-399,-372,-371,-419,-394,-543,-458,-775,-1085,-483,-83,-91,-92,-92,-92,-99,-100,-120,-125,-151,-8,-8,-8,-8,-8,-8,-8,-8,0,0,0,-8]} 1. d4 Nf6 2. c4 e6 3. g3 d5 4. Bg2 Bb4+ 5. Nd2 O-O 6. Ngf3 b6 7. O-O Bb7 8. a3 Be7 9. cxd5 exd5 10. b4 {LiveBook: 17 Games. E16: Queen's Indian: 4 g3 Bb7 5 Bg2 Bb4+} (10. Nb1 Ne4 11. Bf4 Na6 12. Nc3 Nxc3 13. bxc3 c5 14. Ne5 Nc7 15. Qa4 Bd6 16. dxc5 Bxc5 17. Rfd1 Qe7 {1-0 (38) Artemiev,V (2653)-Wei,Y (2707) Doha 2016}) 10... a5 11. b5 c6 12. bxc6 Nxc6 13. e3 $146 ({Predecessor:} 13. Bb2 b5 14. Ne5 b4 15. axb4 Bxb4 16. Nd3 Qb6 17. Rb1 Ba6 {½-½ (39) Danielian,V (2289)-Vlasov,E (2155) St Petersburg 1999}) 13... b5 14. Ne5 Bd6 15. Bb2 a4 16. Qb1 Rb8 17. Bc3 Ba8 18. Nxc6 Bxc6 19. Nf3 Qe7 20. Ne5 Rfc8 (20... Bd7 $5) 21. Bh3 Bd7 22. Nxd7 Nxd7 23. Qb2 Rc6 24. Rfc1 h5 25. Ba5 Rxc1+ 26. Qxc1 Nf6 27. Bf1 h4 28. Be1 hxg3 29. hxg3 g6 30. Qc6 Kg7 31. Bxb5 $2 {[%mdl 8192]} (31. Rb1 $11 {and White has nothing to worry.}) 31... Bxg3 $1 $19 {...Qe4 is the strong threat.} 32. Bf1 Ng4 $1 33. Qxd5 Qh4 {[%csl Gg3,Gg4][%cal Rh4h2]} 34. Qg2 Bh2+ 35. Kh1 Bd6+ 36. Kg1 Bh2+ (36... Rb2 $142 37. Qh3 Bh2+ 38. Kh1 Nxf2+ 39. Bxf2 Qxf2) 37. Kh1 Rb2 38. Qh3 Nxf2+ 39. Bxf2 Qxf2 {[%csl Gh2][%cal Rf2g1]} 40. Bc4 Qc2 41. Bd5 Bd6 {Hoping for ...Rb5.} 42. Rf1 f5 43. e4 Rb1 44. Rg1 Rxg1+ 45. Kxg1 Qd1+ 46. Kg2 Qd2+ 47. Kf1 Qxd4 48. Qf3 f4 49. Kg2 Kf6 50. Bc6 Qc4 51. Kh3 (51. Bd5 {was called for.} Qc2+ 52. Kh3) 51... Qb3 ({But not} 51... Qxc6 $2 52. e5+ $1 {[%mdl 512]} Kxe5 53. Qxc6 $18) 52. Kg2 (52. e5+ {only move.} Kxe5 53. Kh2) 52... Ke5 ({Weaker is} 52... Qc2+ 53. Kh3 $19) 53. Bd5 Qb2+ 54. Kh3 Bxa3 55. Kg4 Qc1 56. Kg5 Qe3 57. Qd1 (57. Qf1 $142 f3+ 58. Kg4) 57... f3+ 58. Kxg6 Bb2 $2 (58... f2 $19 {and Black stays clearly on top.} 59. Qa1+ Kf4) 59. Qxa4 $17 f2 {( -> ...Qg3+)} 60. Qb5 Qg3+ 61. Kf7 {[#]} Qf3+ $1 62. Ke8 Kf4 63. Bc4 Be5 ({Better is} 63... Qxe4+ $17 64. Kd8 Bf6+ 65. Kc8 Kg3) 64. Qd7 $11 {The position is equal.} Qg3 (64... Kg5 $5 {[%cal Rf3e4]} 65. Qf5+ Qxf5 66. exf5 Kxf5 $11) 65. Qd2+ Kxe4 {aiming for ...Qg6+.} 66. Qd5+ Kf4 (66... Ke3 $5) 67. Qd2+ Ke4 {Strongly threatening ...Qg6+.} (67... Kg4 $5 {[%cal Rg3h4]} 68. Be2+ Kh3 69. Qd7+ Kg2 70. Qb7+ Kg1 71. Qb1+ Kh2 72. Qh7+ Kg1 73. Qb1+ Kh2 74. Qh7+ Qh3 75. Qxh3+ Kxh3 $11) 68. Qd5+ Kf4 (68... Ke3 $5 69. Qd3+ $8 Kf4 $11) 69. Qd2+ {Precision: White = 68%, Black = 65%.} 1/2-1/2

[Event "National-chT China 2017"]
[Site "Beijing"]
[Date "2017.06.08"]
[Round "3"]
[White "Li, Chao b"]
[Black "Xu, Jun"]
[Result "1-0"]
[WhiteElo "2720"]
[BlackElo "2514"]
[Annotator "TA"]
[PlyCount "83"]
[EventDate "2017.??.??"]
[EventCountry "CHN"]
[SourceTitle "playchess.com"]
[Source "ChessBase"]
[SourceQuality "1"]

{[%evp 17,83,0,0,-23,0,-14,-14,-6,-7,-5,-14,-12,-11,-20,-10,-33,-10,-56,-12,-24,0,-43,-23,-15,0,0,0,0,0,-21,-12,-23,25,25,25,22,17,22,19,40,28,15,35,0,0,0,0,0,0,0,7,0,0,0,35,24,177,175,148,183,1086,1089,1064,265,1021,1017,938,889]} 1. d4 Nf6 2. c4 e6 3. Nc3 Bb4 4. f3 d5 5. a3 Bxc3+ 6. bxc3 c5 7. cxd5 exd5 8. e3 O-O 9. Bd3 b6 {LiveBook: 162 Games. E49: Nimzo-Indian: Rubinstein: 5 Bd3 d5 6 a3 Bxc3+ 7 bxc3} 10. Ra2 Ba6 (10... Nc6 {with more complications.} 11. Ne2 h6 12. O-O Re8 13. Ng3 Qc7) 11. Nh3 $146 ({Predecessor:} 11. Bxa6 Nxa6 12. Rf2 Nc7 13. Ne2 Nb5 14. O-O Rc8 15. a4 Nd6 16. Ng3 cxd4 17. cxd4 {0-1 (41) Bocharov,D (2595)-Andreikin,D (2686) Olginka 2011}) 11... Bxd3 {The position is equal.} 12. Qxd3 Nc6 13. O-O Rc8 14. Re2 Qd7 15. Bd2 Rfe8 16. Be1 h6 17. Kh1 Nh7 18. Nf4 Nf6 19. g4 cxd4 20. cxd4 Nd8 {[%cal Bc6d8,Bd8e6,Be6f8][%mdl 32]} 21. Rg2 Ne6 22. Ne2 Qa4 23. h4 {[%cal Bh2h4,Bh4g5][%mdl 32]} Qc2 24. Qf5 Nf8 {[#]} 25. e4 $1 {[%mdl 512]} dxe4 26. g5 $1 {[%cal Rg5h6]} hxg5 27. hxg5 exf3 28. Qxf3 N6h7 $1 29. Qxf7+ ({And not} 29. g6 fxg6 30. Bb4 Qc4 $17) 29... Kh8 30. Qh5 {Rxf8+! is the strong threat.} (30. Ng3 $5 {[%cal Rg2c2]} Qd3 31. Bb4 $14) 30... g6 31. Qh2 Kg8 32. Bg3 Qe4 33. Be5 Rc2 34. Rf4 Qd3 {aiming for ...Rxe2!} 35. Rff2 Qe4 36. Qh3 $40 {[%mdl 128] And now Qb3+ would win. Black needs to defend precisely.} Rb2 $2 {[#]} (36... Rd2 $11 {and Black stays safe.}) 37. Ng3 $1 $18 {[%csl LRb2,LRe4]} Qe1+ 38. Rf1 Qc3 $2 {[#]} (38... Rxe5 39. Rxb2 (39. dxe5 Qc3 $18) 39... Qc3 40. dxe5 Qxb2) 39. Rxf8+ $1 {[%mdl 512]} Rxf8 40. Qe6+ Rf7 {White must now prevent ...Qc1+.} 41. Qxg6+ Kf8 42. Bd6+ {Precision: White = 63%, Black = 50%.} 1-0

[Event "National-chT China 2017"]
[Site "Beijing"]
[Date "2017.06.08"]
[Round "3"]
[White "Ju, Wenjun"]
[Black "Ma, Qun"]
[Result "1/2-1/2"]
[WhiteElo "2583"]
[BlackElo "2637"]
[Annotator "TA"]
[PlyCount "76"]
[EventDate "2017.??.??"]
[EventCountry "CHN"]

{[%evp 16,76,31,8,14,0,14,0,4,0,0,0,13,0,0,0,0,0,0,0,0,0,0,0,-4,-15,-4,-4,-4,-9,-15,-27,-18,-20,0,0,0,0,0,0,0,0,0,0,22,22,28,15,11,4,8,0,0,0,0,0,0,0,0,0,0,0,9]} 1. d4 d5 2. c4 c6 3. cxd5 cxd5 4. Bf4 Nc6 5. Nc3 Nf6 6. e3 Bg4 7. Qb3 Na5 8. Bb5+ Bd7 9. Qa4 e6 {D10: Slav Defence: 3 cxd5 (without early Nf3) and 3 Nc3} (9... Nc6 10. Qd1 e6 11. Nf3 Be7 12. h3 Ne4 13. O-O Nxc3 14. bxc3 Ne5 15. Rb1 Bxb5 16. Rxb5 Qd7 17. a4 {½-½ (36) Svidler,P (2727)-Topalov,V (2813) Skopje 2015}) 10. Bg5 {[#] Strongly threatening Bxf6.} Nc6 (10... Nc4 $5) 11. Nf3 a6 12. Bxc6 Bxc6 13. Qb3 h6 14. Bh4 {[#]} (14. Bxf6 $5 gxf6 15. g3 $11) 14... Bd6 $146 ({Predecessor:} 14... g5 15. Bg3 Nd7 16. h4 g4 17. Ne5 Nxe5 18. Bxe5 {0-1 (58) Cosma,I (2420)-Sulskis,S (2554) Eforie Nord 2010}) 15. Rc1 Rc8 16. O-O O-O 17. Ne5 Bxe5 18. dxe5 g5 19. Bg3 Ne4 {aiming for ...Nd2.} 20. Qd1 Kg7 (20... Bb5 $5 21. Nxb5 Rxc1 22. Qxc1 axb5 $11) 21. f4 Bb5 22. Re1 Nxc3 23. Rxc3 Rxc3 24. bxc3 f5 (24... Bc4 {is more complex.} 25. a4 Qe7 26. e4 dxe4 27. fxg5 Bd3) 25. exf6+ $1 Qxf6 26. fxg5 hxg5 27. Qd4 {[#] Hoping for Be5.} Qxd4 28. exd4 $11 {[%mdl 4096] Endgame KRB-KRB} g4 29. Be5+ Kg6 30. Bd6 Re8 31. Re3 Bc4 {The position is equal.} 32. a3 Bb3 33. h3 gxh3 34. Rxh3 Bc2 35. Rg3+ Kf7 36. Rf3+ Bf5 37. Kf2 {Black must now prevent g4.} Rg8 38. Rg3 Rxg3 {Precision: White = 66%, Black = 66%.} 1/2-1/2